书目信息 |
| 题名: |
奔跑的旗帜
|
|
| 作者: | 宋建武 , 刘涵 主编 | |
| 分册: | ||
| 出版信息: | 北京 新华出版社 2006.08 |
|
| 页数: | 217页 | |
| 开本: | 24cm | |
| 丛书名: | ||
| 单 册: | ||
| 中图分类: | G239.23 | |
| 科图分类: | ||
| 主题词: | 出版发行--企业管理--经验--中国 , 出版发行 , 企业管理 | |
| 电子资源: | ||
| ISBN: | 7-5011-7622-1 | |
| 000 | 01015nam0 2200277 450 | |
| 001 | 003381498 | |
| 005 | 20091202090041.20 | |
| 010 | @a7-5011-7622-1@dCNY28.00 | |
| 100 | @a20070312d2006 em y0chiy0110 ea | |
| 101 | 0 | @achi |
| 102 | @aCN@b110000 | |
| 105 | @aa z 000yy | |
| 106 | @ar | |
| 200 | 1 | @a奔跑的旗帜@9ben pao de qi zhi@e小红帽十年探索案例研究@f宋建武,刘涵主编 |
| 210 | @a北京@c新华出版社@d2006.08 | |
| 215 | @a217页@c图,照片@d24cm | |
| 330 | @a小红帽从一家默默无闻的小企业成长为北京及至全国报刊发行行业的知名品牌,积累了宝贵的经验。本书即是对小红帽公司在体制、经营、管理诸方面的先进经验和探索性思考进行的系统梳理和总结。 | |
| 517 | 1 | @a小红帽十年探索案例研究@9xiao hong mao shi nian tan suo an li yan jiu |
| 606 | 0 | @a出版发行@x企业管理@x经验@y中国 |
| 606 | 0 | @a出版发行 |
| 606 | 0 | @a企业管理 |
| 690 | @aG239.23@v4 | |
| 701 | 0 | @a宋建武@9song jian wu@c(媒介经济)@4主编 |
| 701 | 0 | @a刘涵@9liu han@c(企业管理)@4主编 |
| 801 | 0 | @aCN@bNLC@c20091202 |
| 905 | @b794558-62@dG239.23@e50@f5 | |
| 奔跑的旗帜:小红帽十年探索案例研究/宋建武,刘涵主编.-北京:新华出版社,2006.08 |
| 217页:图,照片;24cm |
| ISBN 7-5011-7622-1:CNY28.00 |
| 小红帽从一家默默无闻的小企业成长为北京及至全国报刊发行行业的知名品牌,积累了宝贵的经验。本书即是对小红帽公司在体制、经营、管理诸方面的先进经验和探索性思考进行的系统梳理和总结。 |
| ● |
| 相关链接 |
|
|
|
|
正题名:奔跑的旗帜
索取号:G239.23/50
 
预约/预借
| 序号 | 登录号 | 条形码 | 馆藏地/架位号 | 状态 | 备注 |
| 1 | 794558 | 207945580 | 第一样本阅览室/ [索取号:G239.23/50] | 在馆 | |
| 2 | 794559 | 207945599 | 第四借阅区/ [索取号:G239.23/50] | 在馆 | |
| 3 | 794560 | 207945606 | 第四借阅区/ [索取号:G239.23/50] | 在馆 | |
| 4 | 794561 | 207945615 | 第四借阅区/ [索取号:G239.23/50] | 在馆 | |
| 5 | 794562 | 207945624 | 第四借阅区/ [索取号:G239.23/50] | 在馆 |